MARC

LEADER 00000cam a2200000 7i4500
001 0000003075
005 20040513.0
090 0 0 |a R577.689   |b ECO 1993 
245 0 4 |a The ECONOMIC and environmental values of mangrove forests and their present state of conservation in the South-east Asia/Pacific region :   |b ITTO/ISME/JIAM Project PD71/89 Rev. 1(F)   |c project coordinator B. F. Clough 
260 0 0 |a Japan :   |b International Society for Mangrove Ecosystems; International Tropical Timber Organization; Japan International Association for Mangroves ,   |c 1993 
300 |a v, 202 p. :   |b maps ;   |c 30 cm. 
440 0 0 |a Mangrove ecosystems technical reports ; v. 1 
500 0 0 |a Includes bibliographical references 
650 0 0 |a Mangrove conservation   |z Asia, Southeastern 
650 0 0 |a Mangrove conservation   |z Pacific region 
650 0 0 |a Mangrove ecology   |z Asia, Southeastern 
650 0 0 |a Mangrove ecology   |z Pacific region 
650 0 0 |a Mangrove forests   |z Asia, Southeastern 
650 0 0 |a Mangrove forests   |z Pacific region 
700 0 1 |a Clough   |h B. F. 
710 1 1 |a International Society for Mangrove Ecosystems (ISME) 
710 1 1 |a International Tropical Timber Organization (ITTO) 
710 1 1 |a Japan International Association for Mangroves (JIAM) 
998 |a JPSM 
999 |a 0000005415   |b Monograph   |c Reference   |e Default branch